01144nam a2200277 u 450000100070000000500170000700800410002403500110006504000130007604100080008908000070009711000520010424501170015626000540027330000140032752001720034165000520051365000190056565000200058465000200060465000310062465000550065594200090071099900170071995201300073620813620260506081304.0980616s1998 spa  a208136 ccomduadb aspa aSS20aInstituto de Seguros Sociales4auteaut982921910aAcuerdo 180 de 1998 : por el cual se aprueba el "Manual de tarifas" para la compra y venta de servicios de salud aBogotá :bInstituto de Seguros Sociales,c1998. a184 hojas3 a Este acuerdo es derogado por el Acuerdo expedido el 28 de abril de 1999, se encuentra en medio magnetico en el Centro de Documentacion de Seguridad Social bajo SS1144 aInstituto de Seguros Sociales (Colombia)939677 aTarifas919582 aManuales919455 aAcuerdos953648 aAcuerdo 180 de 1998923557 aND-703 Administración general y de salud9120740 cBOOK c87279d87279 001040708SEGUR. SOCaBSPbBSPd1998-07-04iC297129l0oSS 00679p61000002348486r2023-04-22 00:00:00t3w2023-04-22yFOIMP